| 000 | 00976nam a22002057a 4500 | ||
|---|---|---|---|
| 003 | OSt | ||
| 005 | 20260321163459.0 | ||
| 008 | 260321b |||||||| |||| 00| 0 eng d | ||
| 040 | _c0 | ||
| 082 | _aDPer 370.15 J826 October-November 2024 v.116 n.7-8 | ||
| 100 |
_aDaumiller, Martin. _eauthor. _964803 |
||
| 245 |
_aComplex Dynamics : _bInvestigation of Within- and Between-Person Relationships Between Achievement Emotions and Emotion Regulation During Exam Preparation Through Dynamic Network Modeling _cMartin Daumiller, David W. Putwain, and Ulrike Nett. |
||
| 260 |
_aWashington D.C., USA _bAmerican Psychological Association _cNovember 2024 |
||
| 300 |
_aVolume 100, Pages 1267-1282 : _billustration ; _c28 cm. |
||
| 500 | _aJournal of Education Psychology, Vol. 116, no. 8, pages 1267-1282, November 2024 | ||
| 700 |
_aDaumiller, Martin. _eauthor. _964803 |
||
| 700 |
_aPutwain, David W. _eauthor. _961438 |
||
| 700 |
_aNett, Ulrike E. _eauthor. _948639 |
||
| 942 |
_2ddc _cPER |
||
| 999 |
_c24457 _d24457 |
||